000 00424nam a22001217a 4500
999 _c9910
_d9910
003 OSt
008 201203b ||||| |||| 00| 0 eng d
245 _aAsian Management Review
250 _a2013(Jan-Mar Vol.8 No.1, Apr-Jun Vol.8 No.2, Jul-Sep Vol.8 No.3) 2014(Jan-Mar Vol.9 No.1, Apr-Jun Vol.9 No.2, Jul-Sep Vol.9 No.3)
260 _bA Business Standard Group Publication
_aNew Delhi
650 _aManagement
942 _2ddc
_cBV